000 00493nam a2200205Ia 4500
003 LK-CoDNM
005 20240425112109.0
008 010623t1950 xxu||||| |||| 00| 1 sin d
040 _aLK-CoDNM
_dLK-CoDNM
_eLK-CoDNM
041 _asin
080 _aජ97
245 _aශ්‍රි ලංකා
246 _aSri Lanka
260 _bS.U.Toosant
_aColombo
_c1950
300 _b30P.,27 cm
650 _aCultivations
650 _aHistory
650 _aHydroelectricity
942 _cBK
999 _c102018
_d102018